Normal view
MARC view
Entry Personal Name
001 - CONTROL NUMBER
- control field: 165646
003 - CONTROL NUMBER IDENTIFIER
- control field: OSt
005 - DATE AND TIME OF LATEST TRANSACTION
- control field: 20220923221750.0
008 - FIXED-LENGTH DATA ELEMENTS
- fixed length control field: 220923|| aca||aabn | a|a d
040 ## - CATALOGING SOURCE
- Original cataloging agency: OSt
- Transcribing agency: OSt
100 ## - HEADING--PERSONAL NAME
- Personal name: षद्मेश, के0 ऐ0 दुबे
670 ## - SOURCE DATA FOUND
- Source citation: Work cat.: (OSt)351606: षद्मेश, के0 ऐ0 दुबे, मन्त्र शक्ति मन्त्र शास्त्र का सरल संक्षिप्त विवेचना, 1983
